000 00526nmm a2200169Ia 4500
008 251105s9999||||xx |||||||||||||||||und||
020 _a9788476583593
041 _aspa
100 _aPía Lara, María
245 0 _aLa democracia como proyecto de identidad ética
264 _a[Madrid, España] :
_bAnthropos,
_c1992
300 _a260 páginas
490 _aPensamiento crítico / Pensamiento utópico
650 _aPolitical Science (General)
856 _uhttps://public.digitaliapublishing.com/a/66532
942 _cCF
999 _c85116
_d85116